| 000 | 01041cam a22002654a 4500 | ||
|---|---|---|---|
| 999 |
_c7758 _d7758 |
||
| 003 | OSt | ||
| 005 | 20200520114040.0 | ||
| 008 | 040527s2005 dcuab b 001 0 eng | ||
| 020 | _a1559637161 (pbk. : alk. paper) | ||
| 082 | 0 | 0 |
_a304.2PER _222 |
| 100 | 1 | _aPerlman, Dan L. | |
| 245 | 1 | 0 |
_aPractical ecology for planners, developers, and citizens / _cDan L. Perlman, Jeffrey C. Milder. |
| 260 |
_aWashington, DC : _bIsland Press : _a[Cambridge, Mass.] ; _bLincoln Institute of land policy, _cc2005. |
||
| 300 |
_axvi, 294 p. : _bill. (some col.), col. maps ; _c27 cm. |
||
| 504 | _aIncludes bibliographical references (p. [273]-281) and index. | ||
| 650 | 0 |
_aNature _xEffect of human beings on. |
|
| 650 | 0 |
_aLand use _xEnvironmental aspects. |
|
| 650 | 0 |
_aCity planning _xEnvironmental aspects. |
|
| 650 | 0 |
_aRegional planning _xEnvironmental aspects. |
|
| 650 | 0 | _aUrban ecology (Sociology) | |
| 650 | 0 | _aConservation of natural resources. | |
| 700 | 1 | _aMilder, Jeffrey C. | |
| 710 | 2 | _aLincoln Institute of Land Policy. | |
| 942 | _2ddc | ||